El "Filippo" de Alfieri en Buenos Aires / (Record no. 170533)

MARC details
000 -LEADER
campo de control de longitud fija 00787nam a22002175i 4500
001 - NÚMERO DE CONTROL
campo de control 170533
003 - IDENTIFICADOR DE NÚMERO DE CONTROL
campo de control ES-MaACL
005 - FECHA Y HORA DE LA ÚLTIMA TRANSACCIÓN
campo de control 20260301175640.0
008 - DATOS DE LONGITUD FIJA--INFORMACIÓN GENERAL
campo de control de longitud fija 090312s1924 ag |||| | spa d
080 ## - NÚMERO DE LA CLASIFICACIÓN DECIMAL UNIVERSAL
Número de la Clasificación Decimal Universal 821.13.1 Alfieri, Vittorio 7 Filippo.06
100 0# - ENTRADA PRINCIPAL--NOMBRE DE PERSONA
Nombre de persona Corti, Alfonso.
9 (RLIN) 139629
245 13 - MENCIÓN DEL TÍTULO
Título El "Filippo" de Alfieri en Buenos Aires /
Mención de responsabilidad, etc. por Alfonso Corti.
260 ## - PUBLICACIÓN, DISTRIBUCIÓN, ETC.
Lugar de publicación, distribución, etc. Buenos Aires :
Nombre del editor, distribuidor, etc. Instituto de Literatura Argentina,
Fecha de publicación, distribución, etc. 1924.
300 ## - DESCRIPCIÓN FÍSICA
Extensión P. [27]-66 ;
Dimensiones 23 cm.
490 1# - MENCIÓN DE SERIE
Mención de serie Sección crítica. ;
Designación de volumen o secuencia T.I, nº 2
600 14 - PUNTO DE ACCESO ADICIONAL DE MATERIA--NOMBRE DE PERSONA
Nombre de persona Alfieri, Vittorio,
Fechas asociadas al nombre 1749-1803
9 (RLIN) 19840
710 2# - ENTRADA AGREGADA--NOMBRE DE ENTIDAD CORPORATIVA
Nombre de entidad corporativa o nombre de jurisdicción como elemento de entrada Universidad de Buenos Aires.
Unidad subordinada Instituto de Literatura Argentina.
9 (RLIN) 139614
830 0# - PUNTO DE ACCESO ADICIONAL DE SERIE-TÍTULO UNIFORME
Título uniforme Sección crítica. ;
Designación de volumen o secuencia T.I, nº 2
9 (RLIN) 188947
852 ## - LOCALIZACIÓN
Ubicación ES-MaACL
Número de control de estantería C-8234(2)
Holdings
Estatus retirado Estado de pérdida Estado de daño No para préstamo Biblioteca de origen Biblioteca actual Ubicación en estantería Fecha de adquisición Fuente de adquisición Total de préstamos Signatura topográfica completa Código de barras Visto por última vez Precio de reemplazo Tipo de ítem Koha
        Biblioteca del Ateneo de Madrid Biblioteca del Ateneo de Madrid Sala Palomar 12/03/2009     C-8234(2) 1178964 23/02/2023 23/02/2023 Libro impreso